[Event "RUS-chT blitz"]
[Site "Sochi"]
[Date "2018.10.10"]
[Round "1.1"]
[White "Nechaev, Oleg"]
[Black "Kamsky, Gata"]
[Result "0-1"]
[WhiteElo "2400"]
[BlackElo "2666"]
[PlyCount "78"]
[EventDate "2018.10.10"]
[EventType "team-swiss (blitz)"]
[EventRounds "15"]
[EventCountry "RUS"]
[SourceTitle "CBM 186 Extra"]
[Source "ChessBase"]
[SourceDate "2018.08.24"]
[SourceVersion "1"]
[SourceVersionDate "2018.08.24"]
[SourceQuality "1"]
[WhiteTeam "Stavropolsk Region"]
[BlackTeam "Kazan Ladya"]
[WhiteTeamCountry "RUS"]
[BlackTeamCountry "RUS"]

1. c4 e5 2. Nc3 Nc6 3. g3 Bc5 4. Bg2 a6 5. e3 d6 6. Nge2 Ba7 7. a3 Nf6 8. b4
O-O 9. O-O Bd7 10. Bb2 Rb8 11. Rc1 Re8 12. Qc2 Ne7 13. Nd5 Nexd5 14. cxd5 Rc8
15. Nc3 h5 16. f4 c6 17. fxe5 dxe5 18. Qb3 Qe7 19. dxc6 Bxc6 20. Bxc6 Rxc6 21.
Nd5 Nxd5 22. Qxd5 Rd6 23. Qf3 Rxd2 24. Ba1 Rd3 25. Qxh5 Bxe3+ 26. Kh1 Bxc1 27.
Rxc1 Qd7 28. Qe2 Qd5+ 29. Kg1 Rd2 30. Qf1 e4 31. Rc5 Qd7 32. Rg5 g6 33. Qf6
Rd1+ 34. Kg2 Rxa1 35. Rxg6+ fxg6 36. Qxg6+ Kf8 37. Qf6+ Qf7 38. Qh8+ Ke7 39.
Qe5+ Kd7 0-1

[Event "RUS-chT blitz"]
[Site "Sochi"]
[Date "2018.10.10"]
[Round "2.1"]
[White "Kamsky, Gata"]
[Black "Antipov, Mikhail Al"]
[Result "1/2-1/2"]
[WhiteElo "2666"]
[BlackElo "2593"]
[PlyCount "144"]
[EventDate "2018.10.10"]
[EventType "team-swiss (blitz)"]
[EventRounds "15"]
[EventCountry "RUS"]
[SourceTitle "CBM 186 Extra"]
[Source "ChessBase"]
[SourceDate "2018.08.24"]
[SourceVersion "1"]
[SourceVersionDate "2018.08.24"]
[SourceQuality "1"]
[WhiteTeam "Kazan Ladya"]
[BlackTeam "Tyumen Molodezhka"]
[WhiteTeamCountry "RUS"]
[BlackTeamCountry "RUS"]

1. d4 Nf6 2. Nf3 c6 3. Bf4 Qb6 4. Qc1 d6 5. e3 Nh5 6. Bg3 Nxg3 7. hxg3 g6 8. c3
Bg7 9. Nbd2 Nd7 10. Qc2 Qc7 11. Bd3 c5 12. g4 Rb8 13. g5 b5 14. a3 a5 15. O-O
O-O 16. Rfe1 Bb7 17. a4 bxa4 18. Rxa4 Bc6 19. Ra2 a4 20. Be4 d5 21. Bd3 Rb7 22.
e4 cxd4 23. cxd4 dxe4 24. Bxe4 Bxe4 25. Qxc7 Rxc7 26. Nxe4 Nb6 27. Nc3 Ra8 28.
Re2 e6 29. g3 Rc4 30. Rd2 Rd8 31. Ne4 Rb4 32. Kg2 h6 33. gxh6 Bxh6 34. Rc2 Bg7
35. Rc7 Bxd4 36. Nxd4 Rbxd4 37. Ng5 R8d7 38. Rc6 Rb7 39. Ra3 Nd7 40. Nf3 Rdb4
41. Ra6 Nf6 42. R3xa4 Rxa4 43. Rxa4 Rxb2 44. Ne5 Rb5 45. f4 Rb7 46. Kf3 Kg7 47.
g4 Rb3+ 48. Kf2 Rb7 49. g5 Nd5 50. Kf3 Rb3+ 51. Kf2 Rb4 52. Rxb4 Nxb4 53. Kf3
Kf8 54. Ke4 Ke7 55. Kf3 Na6 56. Ke4 Nc5+ 57. Kd4 Nb7 58. Nc6+ Kd6 59. Ne5 Nd8
60. Ke4 Kc5 61. Nd7+ Kc6 62. Ne5+ Kd6 63. Nc4+ Ke7 64. Ne5 Nb7 65. Nc6+ Ke8 66.
Ne5 Nd6+ 67. Kd4 Ke7 68. Nc6+ Kd7 69. Ne5+ Kc7 70. Kc5 Nb7+ 71. Kd4 Nd8 72. Kc5
Nb7+ 1/2-1/2

[Event "RUS-chT blitz"]
[Site "Sochi"]
[Date "2018.10.10"]
[Round "3.1"]
[White "Kobalia, Mihail"]
[Black "Kamsky, Gata"]
[Result "0-1"]
[WhiteElo "2620"]
[BlackElo "2666"]
[PlyCount "162"]
[EventDate "2018.10.10"]
[EventType "team-swiss (blitz)"]
[EventRounds "15"]
[EventCountry "RUS"]
[SourceTitle "CBM 186 Extra"]
[Source "ChessBase"]
[SourceDate "2018.08.24"]
[SourceVersion "1"]
[SourceVersionDate "2018.08.24"]
[SourceQuality "1"]
[WhiteTeam "Moscow Legacy Square Capital"]
[BlackTeam "Kazan Ladya"]
[WhiteTeamCountry "RUS"]
[BlackTeamCountry "RUS"]

1. e4 c5 2. Nf3 e6 3. g3 b6 4. Bg2 Bb7 5. d3 d6 6. O-O Nd7 7. Re1 Ngf6 8. c3
Be7 9. Nbd2 O-O 10. a4 Qc7 11. Qe2 a6 12. d4 cxd4 13. cxd4 Rac8 14. e5 Nd5 15.
Ne4 dxe5 16. dxe5 Nxe5 17. Bd2 Nxf3+ 18. Bxf3 Qc4 19. Qxc4 Rxc4 20. Nc3 Rd8 21.
Nxd5 Bxd5 22. Be2 Rc2 23. Bc3 Bf6 24. Bxf6 gxf6 25. Bxa6 Rxb2 26. Reb1 Rxb1+
27. Rxb1 Be4 28. Re1 Rd4 29. Bb5 f5 30. Kf1 f4 31. Ke2 Bc2 32. Ra1 Kg7 33. Be8
f5 34. a5 bxa5 35. Rxa5 Bd1+ 36. Ke1 Bf3 37. Ra1 Kf6 38. Bb5 h5 39. Kf1 Rd2 40.
gxf4 Rd4 41. Be2 Bxe2+ 42. Kxe2 Rxf4 43. Kf1 Rg4 44. h3 Rb4 45. Kg2 f4 46. Kf3
Kf5 47. Ra8 Rb3+ 48. Kg2 h4 49. f3 Ke5 50. Ra4 Rd3 51. Re4+ Kf5 52. Kf2 Rd2+
53. Kg1 e5 54. Ra4 Ke6 55. Ra5 Kd6 56. Rb5 Ra2 57. Kf1 Rh2 58. Rb6+ Kd5 59.
Rb5+ Ke6 60. Rb6+ Kf5 61. Rb8 Rxh3 62. Kf2 Rg3 63. Rf8+ Ke6 64. Re8+ Kd6 65.
Rd8+ Ke7 66. Rh8 h3 67. Rh6 Kf7 68. Ke2 Kg7 69. Rh5 Kf6 70. Kf2 Ke6 71. Ke2 Kd5
72. Kf2 Kd4 73. Ke2 Rg2+ 74. Kf1 Rg3 75. Ke2 e4 76. fxe4 Kxe4 77. Kf2 Ra3 78.
Rh8 Ra2+ 79. Kg1 Ke3 80. Rxh3+ f3 81. Rg3 Ke2 0-1

[Event "RUS-chT blitz"]
[Site "Sochi"]
[Date "2018.10.10"]
[Round "4.4"]
[White "Kamsky, Gata"]
[Black "Rozum, Ivan"]
[Result "1-0"]
[WhiteElo "2666"]
[BlackElo "2573"]
[PlyCount "55"]
[EventDate "2018.10.10"]
[EventType "team-swiss (blitz)"]
[EventRounds "15"]
[EventCountry "RUS"]
[SourceTitle "CBM 186 Extra"]
[Source "ChessBase"]
[SourceDate "2018.08.24"]
[SourceVersion "1"]
[SourceVersionDate "2018.08.24"]
[SourceQuality "1"]
[WhiteTeam "Kazan Ladya"]
[BlackTeam "Vologodsk Region"]
[WhiteTeamCountry "RUS"]
[BlackTeamCountry "RUS"]

1. d4 Nf6 2. Nf3 c5 3. d5 g6 4. Nc3 Bg7 5. e4 d6 6. Bc4 O-O 7. O-O Bg4 8. h3
Bxf3 9. Qxf3 Na6 10. Qe2 Nc7 11. a4 Nd7 12. Bg5 Re8 13. Kh1 b6 14. f4 Qc8 15.
Rad1 a6 16. e5 dxe5 17. f5 Nf6 18. d6 exd6 19. fxg6 hxg6 20. Bxf6 Ne6 21. Rxd6
Nf4 22. Qf3 Qf5 23. Ne4 b5 24. Bxg7 Kxg7 25. Rf6 Qxf6 26. Nxf6 Kxf6 27. Bd5
Rad8 28. g3 1-0

[Event "RUS-chT blitz"]
[Site "Sochi"]
[Date "2018.10.10"]
[Round "5.2"]
[White "Shcherbakov, Ruslan"]
[Black "Kamsky, Gata"]
[Result "1/2-1/2"]
[WhiteElo "2516"]
[BlackElo "2666"]
[PlyCount "89"]
[EventDate "2018.10.10"]
[EventType "team-swiss (blitz)"]
[EventRounds "15"]
[EventCountry "RUS"]
[SourceTitle "CBM 186 Extra"]
[Source "ChessBase"]
[SourceDate "2018.08.24"]
[SourceVersion "1"]
[SourceVersionDate "2018.08.24"]
[SourceQuality "1"]
[WhiteTeam "Yuzhnyy Ural"]
[BlackTeam "Kazan Ladya"]
[WhiteTeamCountry "RUS"]
[BlackTeamCountry "RUS"]

1. e4 c5 2. Nf3 e6 3. b3 b6 4. Bd3 Bb7 5. O-O Be7 6. Re1 Nf6 7. Bb2 d6 8. c3
Nbd7 9. Bc2 O-O 10. d4 cxd4 11. cxd4 Rc8 12. Nbd2 d5 13. e5 Ne8 14. Bd3 Nc7 15.
Qe2 Nb8 16. Rac1 Nca6 17. a3 Rxc1 18. Rxc1 Qd7 19. h4 Rc8 20. Re1 Nc7 21. Rc1
Qd8 22. Bb1 Ba6 23. Qe3 Nd7 24. h5 h6 25. Nh2 Nb5 26. Rxc8 Qxc8 27. a4 Na3 28.
Bd3 Nc2 29. Qe2 Bxd3 30. Qxd3 Nb4 31. Qb1 Qc2 32. Qxc2 Nxc2 33. f4 Nb8 34. Nhf3
Nc6 35. Kf2 g6 36. g4 a6 37. Ke2 b5 38. axb5 axb5 39. Kd3 N2b4+ 40. Ke2 gxh5
41. gxh5 f5 42. Ba3 Kf7 43. Bxb4 Bxb4 44. Kd3 Na5 45. Kc2 1/2-1/2

[Event "RUS-chT blitz"]
[Site "Sochi"]
[Date "2018.10.10"]
[Round "6.1"]
[White "Morozevich, Alexander"]
[Black "Kamsky, Gata"]
[Result "1-0"]
[WhiteElo "2656"]
[BlackElo "2666"]
[PlyCount "71"]
[EventDate "2018.10.10"]
[EventType "team-swiss (blitz)"]
[EventRounds "15"]
[EventCountry "RUS"]
[SourceTitle "CBM 186 Extra"]
[Source "ChessBase"]
[SourceDate "2018.08.24"]
[SourceVersion "1"]
[SourceVersionDate "2018.08.24"]
[SourceQuality "1"]
[WhiteTeam "Moscow Nosorogi"]
[BlackTeam "Kazan Ladya"]
[WhiteTeamCountry "RUS"]
[BlackTeamCountry "RUS"]

1. e4 c5 2. Nf3 e6 3. g3 b6 4. Bg2 Bb7 5. d3 d6 6. O-O Nd7 7. Ng5 Be7 8. f4
Bxg5 9. fxg5 Ne7 10. Nc3 a6 11. h4 Qc7 12. h5 Rf8 13. Qe1 Nc6 14. Ne2 Nce5 15.
Bf4 O-O-O 16. b4 cxb4 17. Qxb4 Qc5+ 18. Qd4 Nc6 19. Qf2 Qxf2+ 20. Rxf2 Nde5 21.
Bh3 Kc7 22. Raf1 b5 23. d4 Nc4 24. Bc1 Nb4 25. Bxe6 Bxe4 26. Rxf7+ Rxf7 27.
Rxf7+ Kb6 28. Rxg7 Nxa2 29. Bf4 Bxc2 30. g6 hxg6 31. h6 g5 32. Bxg5 Re8 33. Nf4
Nd2 34. Nd5+ Ka5 35. Bxd2+ b4 36. Re7 1-0

[Event "RUS-chT blitz"]
[Site "Sochi"]
[Date "2018.10.10"]
[Round "7.3"]
[White "Kamsky, Gata"]
[Black "Alekseev, Evgeny V"]
[Result "1/2-1/2"]
[WhiteElo "2666"]
[BlackElo "2620"]
[PlyCount "82"]
[EventDate "2018.10.10"]
[EventType "team-swiss (blitz)"]
[EventRounds "15"]
[EventCountry "RUS"]
[SourceTitle "CBM 186 Extra"]
[Source "ChessBase"]
[SourceDate "2018.08.24"]
[SourceVersion "1"]
[SourceVersionDate "2018.08.24"]
[SourceQuality "1"]
[WhiteTeam "Kazan Ladya"]
[BlackTeam "St Peterburg Strazhi"]
[WhiteTeamCountry "RUS"]
[BlackTeamCountry "RUS"]

1. d4 Nf6 2. Nf3 c5 3. d5 b5 4. c4 bxc4 5. Nc3 d6 6. e4 g6 7. h3 Bg7 8. Bxc4
O-O 9. O-O Nbd7 10. Re1 a5 11. Bf4 Ba6 12. Bxa6 Rxa6 13. e5 dxe5 14. Nxe5 Nxe5
15. Bxe5 Rb6 16. Qd2 Rb4 17. a3 Rb3 18. Rad1 Qb6 19. Re2 Rd8 20. d6 e6 21. Qg5
h6 22. Qh4 g5 23. Qc4 Nd7 24. Bxg7 Kxg7 25. Rdd2 Rb8 26. h4 Qd8 27. hxg5 hxg5
28. Qg4 Qf6 29. g3 Qg6 30. Kg2 Rh8 31. Ne4 f5 32. Qxg5 fxe4 33. Qe7+ Qf7 34.
Rxe4 Nf6 35. Rxe6 Rb7 36. d7 Rxd7 37. Rxd7 Nxd7 38. Qg5+ Kf8 39. Qd8+ Kg7 40.
Qg5+ Kf8 41. Qd8+ Kg7 1/2-1/2

[Event "RUS-chT blitz"]
[Site "Sochi"]
[Date "2018.10.10"]
[Round "8.5"]
[White "Kamsky, Gata"]
[Black "Jary, Sergey"]
[Result "1/2-1/2"]
[WhiteElo "2666"]
[BlackElo "2286"]
[PlyCount "117"]
[EventDate "2018.10.10"]
[EventType "team-swiss (blitz)"]
[EventRounds "15"]
[EventCountry "RUS"]
[SourceTitle "CBM 186 Extra"]
[Source "ChessBase"]
[SourceDate "2018.08.24"]
[SourceVersion "1"]
[SourceVersionDate "2018.08.24"]
[SourceQuality "1"]
[WhiteTeam "Kazan Ladya"]
[BlackTeam "Krym Nash"]
[WhiteTeamCountry "RUS"]
[BlackTeamCountry "RUS"]

1. d4 Nf6 2. Nf3 e6 3. Bf4 d5 4. Nbd2 Bd6 5. Bg3 c5 6. e3 Nc6 7. c3 O-O 8. Bd3
Qe7 9. Ne5 Bd7 10. O-O Be8 11. a3 Nd7 12. Nxd7 Bxd7 13. Bxd6 Qxd6 14. dxc5 Qxc5
15. Bxh7+ Kh8 16. Qh5 g6 17. Bxg6+ Kg7 18. Bd3 Rh8 19. Qg5+ Kf8 20. Ne4 Qe7 21.
Nf6 e5 22. h4 e4 23. Be2 Be6 24. Rad1 Rd8 25. h5 Qc7 26. h6 Qe5 27. Qg7+ Ke7
28. Nh5 Qxg7 29. hxg7 Rhg8 30. f4 f5 31. Kf2 Bf7 32. Rh1 Rd6 33. Rh3 Rg6 34.
Rg3 Rxg3 35. Nxg3 Be6 36. Nh5 Bf7 37. Rh1 Nd8 38. Ng3 Be6 39. Rh5 Kf6 40. Rg5
Nf7 41. Nh5+ Ke7 42. Rg6 Nd6 43. g4 Bf7 44. Rg5 fxg4 45. Bxg4 Ne8 46. Ng3 Kf6
47. Nf5 Be6 48. Nh6 Rxg7 49. Bxe6 Rxg5 50. fxg5+ Kxe6 51. Kg3 Ng7 52. Kf4 Nh5+
53. Kg4 Ng7 54. g6 Kf6 55. Ng8+ Kxg6 56. Ne7+ Kf6 57. Nxd5+ Ke5 58. c4 b6 59.
b4 1/2-1/2

[Event "RUS-chT blitz"]
[Site "Sochi"]
[Date "2018.10.10"]
[Round "9.4"]
[White "Bocharov, Dmitry"]
[Black "Kamsky, Gata"]
[Result "1/2-1/2"]
[WhiteElo "2557"]
[BlackElo "2666"]
[PlyCount "72"]
[EventDate "2018.10.10"]
[EventType "team-swiss (blitz)"]
[EventRounds "15"]
[EventCountry "RUS"]
[SourceTitle "CBM 186 Extra"]
[Source "ChessBase"]
[SourceDate "2018.08.24"]
[SourceVersion "1"]
[SourceVersionDate "2018.08.24"]
[SourceQuality "1"]
[WhiteTeam "Novosibir"]
[BlackTeam "Kazan Ladya"]
[WhiteTeamCountry "RUS"]
[BlackTeamCountry "RUS"]

1. d4 d5 2. c4 c6 3. Nf3 Nf6 4. e3 g6 5. Nc3 Bg7 6. Bd3 O-O 7. h3 e6 8. O-O
Nbd7 9. b3 Re8 10. Bb2 b6 11. Rc1 Bb7 12. Re1 a6 13. Bf1 Rc8 14. b4 dxc4 15.
Bxc4 c5 16. dxc5 bxc5 17. b5 Bxf3 18. Qxf3 Ne5 19. Qe2 Nxc4 20. Qxc4 Nd7 21.
Red1 axb5 22. Qxb5 Rc7 23. Ne4 Qb8 24. Qxb8 Rxb8 25. Bxg7 Kxg7 26. Rc2 Ra8 27.
Kf1 c4 28. Nd6 Nb6 29. Rb1 Rc6 30. Nb5 Nd5 31. Rbc1 c3 32. e4 Nb4 33. Rxc3 Rxc3
34. Nxc3 Ra3 35. Ke2 Nxa2 36. Nxa2 Ra8 1/2-1/2

[Event "RUS-chT blitz"]
[Site "Sochi"]
[Date "2018.10.10"]
[Round "10.6"]
[White "Chekhov, Sergey"]
[Black "Kamsky, Gata"]
[Result "1/2-1/2"]
[WhiteElo "2463"]
[BlackElo "2666"]
[PlyCount "115"]
[EventDate "2018.10.10"]
[EventType "team-swiss (blitz)"]
[EventRounds "15"]
[EventCountry "RUS"]
[SourceTitle "CBM 186 Extra"]
[Source "ChessBase"]
[SourceDate "2018.08.24"]
[SourceVersion "1"]
[SourceVersionDate "2018.08.24"]
[SourceQuality "1"]
[WhiteTeam "Moscow Liga Tsifrovoy Ekonomiki"]
[BlackTeam "Kazan Ladya"]
[WhiteTeamCountry "RUS"]
[BlackTeamCountry "RUS"]

1. e4 b6 2. d4 Bb7 3. Nd2 g6 4. c3 Bg7 5. Ngf3 d6 6. Bd3 e6 7. O-O Nd7 8. h3
Ne7 9. Re1 O-O 10. a4 a6 11. Nf1 c5 12. Bg5 h6 13. Bf4 e5 14. dxe5 dxe5 15. Bc1
Qc7 16. Ne3 Nf6 17. Qc2 b5 18. axb5 axb5 19. Rxa8 Bxa8 20. Bxb5 Bxe4 21. Qe2
Bb7 22. Nh2 e4 23. Neg4 Nxg4 24. Nxg4 h5 25. Ne3 Rd8 26. Rd1 Rd6 27. Rxd6 Qxd6
28. Qd1 Qxd1+ 29. Nxd1 Nd5 30. Ne3 Nf4 31. Kf1 Nd3 32. Bxd3 exd3 33. Ke1 Bh6
34. f3 c4 35. Bd2 Bxe3 36. Bxe3 Kf8 37. Kd2 Ba6 38. g4 Ke7 39. gxh5 gxh5 40.
Bg5+ Ke6 41. Ke3 Ke5 42. Bd8 Bc8 43. h4 Bf5 44. Bc7+ Kd5 45. Bf4 Kc5 46. Kd2
Kb5 47. Bg5 Ka4 48. Be7 Kb3 49. Kc1 Be6 50. Bd6 Bd5 51. f4 f5 52. Be5 Bf3 53.
Bd4 Bg4 54. Be5 Ka4 55. Bd4 Kb5 56. Kd2 Kc6 57. Ke3 Kd5 58. Be5 1/2-1/2

[Event "RUS-chT blitz"]
[Site "Sochi"]
[Date "2018.10.10"]
[Round "11.5"]
[White "Kamsky, Gata"]
[Black "Demidov, Mikhail"]
[Result "1/2-1/2"]
[WhiteElo "2666"]
[BlackElo "2514"]
[PlyCount "114"]
[EventDate "2018.10.10"]
[EventType "team-swiss (blitz)"]
[EventRounds "15"]
[EventCountry "RUS"]
[SourceTitle "CBM 186 Extra"]
[Source "ChessBase"]
[SourceDate "2018.08.24"]
[SourceVersion "1"]
[SourceVersionDate "2018.08.24"]
[SourceQuality "1"]
[WhiteTeam "Kazan Ladya"]
[BlackTeam "Karpov Chess School"]
[WhiteTeamCountry "RUS"]
[BlackTeamCountry "RUS"]

1. d4 Nf6 2. Nf3 d5 3. Bf4 e6 4. Nbd2 Bd6 5. Bg3 c5 6. e3 Qc7 7. dxc5 Qxc5 8.
Bd3 Nbd7 9. c4 Bxg3 10. hxg3 dxc4 11. Bxc4 b5 12. Be2 Bb7 13. Nb3 Qb6 14. Qd4
Qxd4 15. Nbxd4 a6 16. a4 bxa4 17. Rxa4 Ke7 18. O-O Rhb8 19. Rfa1 g6 20. Nd2 e5
21. Nc2 Bc6 22. R4a2 Bd5 23. Bc4 Nb6 24. Bxd5 Nbxd5 25. Nc4 Rc8 26. b3 Rcb8 27.
Nxe5 Rxb3 28. Nd4 Rb6 29. Nc4 Rb7 30. f3 Kf8 31. Rxa6 Rxa6 32. Rxa6 Rb4 33. Rc6
Kg7 34. g4 Nxe3 35. Ne6+ fxe6 36. Nxe3 Kf7 37. Rc7+ Kg8 38. Rc6 Nd5 39. Rxe6
Rb1+ 40. Kh2 Re1 41. Rxg6+ hxg6 42. Nxd5 Kf7 43. Kg3 Rd1 44. Nc3 Rd3 45. Ne4
Ra3 46. Kf4 Ra2 47. g3 Ra5 48. g5 Ra4 49. Kg4 Ke6 50. Kf4 Rb4 51. g4 Ra4 52.
Kg3 Ke5 53. Nf6 Rd4 54. Ne4 Rxe4 55. fxe4 Kxe4 56. Kh3 Kf3 57. Kh4 Kg2 1/2-1/2

[Event "RUS-chT blitz"]
[Site "Sochi"]
[Date "2018.10.10"]
[Round "12.6"]
[White "Kamsky, Gata"]
[Black "Tatarintsev, Egor"]
[Result "1-0"]
[WhiteElo "2666"]
[BlackElo "2086"]
[PlyCount "51"]
[EventDate "2018.10.10"]
[EventType "team-swiss (blitz)"]
[EventRounds "15"]
[EventCountry "RUS"]
[SourceTitle "CBM 186 Extra"]
[Source "ChessBase"]
[SourceDate "2018.08.24"]
[SourceVersion "1"]
[SourceVersionDate "2018.08.24"]
[SourceQuality "1"]
[WhiteTeam "Kazan Ladya"]
[BlackTeam "Voronezh SDYuSShOR"]
[WhiteTeamCountry "RUS"]
[BlackTeamCountry "RUS"]

1. e4 e6 2. d4 d5 3. exd5 exd5 4. Nf3 Bd6 5. c4 dxc4 6. Bxc4 Qe7+ 7. Be3 Bg4 8.
O-O Nd7 9. h3 Bxf3 10. Qxf3 O-O-O 11. Qxf7 Ngf6 12. Qxe7 Bxe7 13. Nc3 Nb6 14.
Be6+ Kb8 15. Rfe1 c6 16. Bf4+ Bd6 17. Be5 Rhe8 18. Bf7 Rf8 19. Bb3 Kc7 20. Rac1
Kd7 21. g3 Nfd5 22. Ne4 Bxe5 23. Nc5+ Ke7 24. Rxe5+ Kf7 25. Nxb7 Rde8 26. Nd6+
1-0

[Event "Chigorin Memorial 26th"]
[Site "St Petersburg"]
[Date "2018.10.27"]
[Round "1"]
[White "Kamsky, Gata"]
[Black "Yaroslavtsev, Artem"]
[Result "1-0"]
[WhiteElo "2666"]
[BlackElo "2097"]
[PlyCount "47"]
[EventDate "2018.10.27"]
[EventType "swiss"]
[EventRounds "9"]
[EventCountry "RUS"]
[SourceTitle "CBM 187 Extra"]
[Source "ChessBase"]
[SourceDate "2018.11.04"]
[SourceVersion "1"]
[SourceVersionDate "2018.11.04"]
[SourceQuality "1"]

1. e4 e5 2. Nf3 Nc6 3. Bb5 g6 4. c3 a6 5. Ba4 Bg7 6. d4 exd4 7. cxd4 b5 8. Bb3
d6 9. O-O Nge7 10. d5 Na5 11. Bd2 Nxb3 12. Qxb3 O-O 13. Bc3 Bd7 14. Bxg7 Kxg7
15. Nc3 Rb8 16. Rac1 h6 17. Rfe1 b4 18. Ne2 c5 19. dxc6 Bxc6 20. Ned4 Qb6 21.
h4 Rbc8 22. Qe3 Qa5 23. Nb3 Qd8 24. Qd4+ 1-0

[Event "Chigorin Memorial 26th"]
[Site "St Petersburg"]
[Date "2018.10.28"]
[Round "2"]
[White "Demianjuk, Alexander"]
[Black "Kamsky, Gata"]
[Result "1/2-1/2"]
[WhiteElo "2332"]
[BlackElo "2666"]
[PlyCount "80"]
[EventDate "2018.10.27"]
[EventType "swiss"]
[EventRounds "9"]
[EventCountry "RUS"]
[SourceTitle "CBM 187 Extra"]
[Source "ChessBase"]
[SourceDate "2018.11.04"]
[SourceVersion "1"]
[SourceVersionDate "2018.11.04"]
[SourceQuality "1"]

1. e4 e5 2. Nf3 Nc6 3. Nc3 Nf6 4. Bb5 Bb4 5. O-O O-O 6. d3 Bxc3 7. bxc3 d6 8.
Re1 Bd7 9. h3 Na5 10. Bxd7 Nxd7 11. Nh2 Nc6 12. Qg4 Qe7 13. Nf1 Qe6 14. Ne3
Qxg4 15. hxg4 f6 16. f3 Ne7 17. Kf2 Kf7 18. Rh1 h6 19. Bd2 Nc5 20. d4 Ne6 21.
d5 Nc5 22. c4 a5 23. Rab1 b6 24. Ke2 Rh8 25. Rh2 Nd7 26. Rbh1 Rac8 27. Bc1 Rh7
28. g3 Rch8 29. Nd1 g5 30. Nc3 Ke8 31. Nb5 Kd8 32. Ba3 Nc8 33. Rh5 Nf8 34. Rd1
Kd7 35. Ke3 Ng6 36. Ke2 Rg8 37. Rdh1 Rgh8 38. Rd1 Rg8 39. Rdh1 Rgh8 40. Rd1 Rg8
1/2-1/2

[Event "Chigorin Memorial 26th"]
[Site "St Petersburg"]
[Date "2018.10.29"]
[Round "3"]
[White "Kamsky, Gata"]
[Black "Manin, Viktor L"]
[Result "1-0"]
[WhiteElo "2666"]
[BlackElo "2100"]
[PlyCount "55"]
[EventDate "2018.10.27"]
[EventType "swiss"]
[EventRounds "9"]
[EventCountry "RUS"]
[SourceTitle "CBM 187 Extra"]
[Source "ChessBase"]
[SourceDate "2018.11.04"]
[SourceVersion "1"]
[SourceVersionDate "2018.11.04"]
[SourceQuality "1"]

1. e4 e5 2. Nf3 Nc6 3. Bb5 a6 4. Ba4 Nf6 5. O-O Be7 6. Re1 b5 7. Bb3 d6 8. c3
O-O 9. d4 Bb7 10. a3 h6 11. Nbd2 Re8 12. Bc2 Bf8 13. d5 Ne7 14. b3 c5 15. c4
Ng6 16. b4 Qd7 17. g3 Be7 18. Bd3 Reb8 19. Bb2 cxb4 20. axb4 Bc8 21. Bc3 Bd8
22. c5 Bc7 23. Bf1 a5 24. c6 Qd8 25. bxa5 Bxa5 26. Bxa5 Rxa5 27. Qc2 Ne8 28. c7
1-0

[Event "Chigorin Memorial 26th"]
[Site "St Petersburg"]
[Date "2018.10.30"]
[Round "4"]
[White "Badelka, Olga"]
[Black "Kamsky, Gata"]
[Result "1/2-1/2"]
[WhiteElo "2394"]
[BlackElo "2666"]
[PlyCount "58"]
[EventDate "2018.10.27"]
[EventType "swiss"]
[EventRounds "9"]
[EventCountry "RUS"]
[SourceTitle "CBM 187 Extra"]
[Source "ChessBase"]
[SourceDate "2018.11.04"]
[SourceVersion "1"]
[SourceVersionDate "2018.11.04"]
[SourceQuality "1"]

1. d4 f5 2. Nf3 Nf6 3. c4 g6 4. e3 Bg7 5. Be2 d6 6. Nc3 c6 7. O-O O-O 8. b4 Kh8
9. Bb2 Be6 10. Qc2 Bg8 11. e4 fxe4 12. Nxe4 Nxe4 13. Qxe4 Na6 14. a3 Nc7 15.
Qc2 Qd7 16. Rfe1 Rae8 17. Rad1 Qf5 18. Bd3 Qf7 19. Ng5 Qf4 20. Nh3 Qf6 21. Re3
Ne6 22. Bf1 g5 23. Rf3 Qh6 24. Rg3 Qf6 25. Rf3 Qh6 26. Rg3 Qf6 27. Rf3 Qh6 28.
Rg3 Qf6 29. Rf3 Qh6 1/2-1/2

[Event "Chigorin Memorial 26th"]
[Site "St Petersburg"]
[Date "2018.10.31"]
[Round "5"]
[White "Kamsky, Gata"]
[Black "Yatzenko, Anton"]
[Result "1-0"]
[WhiteElo "2666"]
[BlackElo "2351"]
[PlyCount "69"]
[EventDate "2018.10.27"]
[EventType "swiss"]
[EventRounds "9"]
[EventCountry "RUS"]
[SourceTitle "CBM 187 Extra"]
[Source "ChessBase"]
[SourceDate "2018.11.04"]
[SourceVersion "1"]
[SourceVersionDate "2018.11.04"]
[SourceQuality "1"]

1. e4 e5 2. Nf3 Nc6 3. Bb5 a6 4. Ba4 Nf6 5. O-O Be7 6. Re1 b5 7. Bb3 d6 8. c3
O-O 9. d4 Bg4 10. d5 Na5 11. Bc2 c6 12. h3 Bxf3 13. Qxf3 cxd5 14. exd5 Nc4 15.
a4 Nb6 16. Rd1 Nxa4 17. Bxa4 bxa4 18. Rxa4 Nd7 19. Qe2 a5 20. Be3 f5 21. f3 Qb8
22. Rc4 Qb7 23. Rc6 Rfb8 24. Rd2 Nf6 25. Na3 Ne8 26. f4 Nf6 27. Qc4 Ne4 28. Re2
exf4 29. Bxf4 Bd8 30. Bxd6 Bb6+ 31. Kh1 Ba7 32. Bxb8 Rxb8 33. d6+ Kh8 34. Rxe4
fxe4 35. Rc7 1-0

[Event "Chigorin Memorial 26th"]
[Site "St Petersburg"]
[Date "2018.11.01"]
[Round "6"]
[White "Vorobiov, Evgeny E"]
[Black "Kamsky, Gata"]
[Result "1/2-1/2"]
[WhiteElo "2557"]
[BlackElo "2666"]
[PlyCount "80"]
[EventDate "2018.10.27"]
[EventType "swiss"]
[EventRounds "9"]
[EventCountry "RUS"]
[SourceTitle "CBM 187 Extra"]
[Source "ChessBase"]
[SourceDate "2018.11.04"]
[SourceVersion "1"]
[SourceVersionDate "2018.11.04"]
[SourceQuality "1"]

1. d4 Nf6 2. c4 e6 3. Nf3 b6 4. Bf4 Bb7 5. e3 d6 6. Nc3 Nbd7 7. Bd3 g6 8. O-O
Bg7 9. e4 O-O 10. Re1 Re8 11. d5 Nc5 12. Bf1 a5 13. Qc2 exd5 14. exd5 Qd7 15.
h3 Rxe1 16. Rxe1 Re8 17. Rxe8+ Nxe8 18. Be3 Bc8 19. Nd4 f5 20. g3 Qf7 21. Qd2
Nf6 22. Bg2 Bd7 23. b3 Qe8 24. Kf1 Nfe4 25. Nxe4 Nxe4 26. Qd3 Nc5 27. Qd2 Qe5
28. f4 Qe8 29. Bf2 Ne4 30. Qe3 Nxf2 31. Kxf2 Qxe3+ 32. Kxe3 Kf7 33. Nb5 Bxb5
34. cxb5 h5 35. h4 Bf6 36. a4 Kg7 37. Kf3 Kf7 38. Bf1 Kg7 39. Be2 Kf7 40. Bd3
Bc3 1/2-1/2

[Event "Chigorin Memorial 26th"]
[Site "St Petersburg"]
[Date "2018.11.02"]
[Round "7"]
[White "Kamsky, Gata"]
[Black "Afanasiev, Nikita"]
[Result "1-0"]
[WhiteElo "2666"]
[BlackElo "2487"]
[PlyCount "83"]
[EventDate "2018.10.27"]
[EventType "swiss"]
[EventRounds "9"]
[EventCountry "RUS"]
[SourceTitle "CBM 187 Extra"]
[Source "ChessBase"]
[SourceDate "2018.11.04"]
[SourceVersion "1"]
[SourceVersionDate "2018.11.04"]
[SourceQuality "1"]

1. d4 Nf6 2. Nf3 g6 3. c3 Bg7 4. Bg5 d6 5. Nbd2 h6 6. Bh4 O-O 7. e4 Nbd7 8. Bd3
e5 9. O-O c6 10. a4 Qc7 11. Re1 Re8 12. Qc2 Nh5 13. Nc4 Nb6 14. Ne3 a5 15. Rad1
Nf4 16. Bf1 Be6 17. b3 Nh5 18. Bc4 Bd7 19. dxe5 dxe5 20. Rd2 Bf8 21. Red1 Kg7
22. Qd3 Red8 23. Bxd8 Rxd8 24. Ng4 Nf4 25. Qe3 Bxg4 26. Rxd8 Be7 27. R8d2 Nxc4
28. bxc4 b6 29. h3 Be6 30. Ne1 Bc5 31. Qf3 Bxc4 32. h4 Be6 33. Nd3 Nxd3 34.
Qxd3 Be7 35. h5 g5 36. Qa6 Bc8 37. Qa8 g4 38. g3 Kh7 39. c4 Kg7 40. c5 bxc5 41.
Rb2 c4 42. Rb8 1-0